000 00513cam a22001931 4500
001 af 48002792
003 DLC
005 20260227110857.0
008 780705s1943 gw 000 0 ger c
010 _aaf 48002792
035 _a(OCoLC)4025246
040 _aYale Univ. Library
_cTNJ
_dDLC
042 _apremarc
050 0 0 _aPT2621.A99
_bW4
100 1 _aKayssler, Friedrich,
_d1874-1945.
245 1 0 _aWegfahrt;
_bGedichte-Auswahl.
260 _aPotsdam,
_bRütten & Loening,
_c1943.
300 _a130 p.
_c20 cm.
999 _c5219
_d5219